| 000 | 00391nam a22001697a 4500 | ||
|---|---|---|---|
| 003 | OSt | ||
| 005 | 20220131135335.0 | ||
| 008 | 220131b |||||||| |||| 00| 0 eng d | ||
| 020 | _a0135336546 | ||
| 040 | _cHU | ||
| 082 | _a621.381045 | ||
| 100 |
_aBooth Kathryn _929171 |
||
| 245 | _aThe Essence Of Optoelectronics | ||
| 260 |
_aNew York _bHall |
||
| 300 | _f288 | ||
| 942 |
_2ddc _cBOOKS _n0 |
||
| 999 |
_c28535 _d28535 |
||